[Event "Morbihan-ch 1011"]
[Site "Morbihan"]
[Date "2010.12.04"]
[Round "3.21"]
[White "Enee, Pascal"]
[Black "Eraud, Julien"]
[Result "0-1"]
[WhiteElo "1499"]
[BlackElo "1220"]
[PlyCount "42"]
[EventDate "2010.10.09"]
[EventType "swiss"]
[EventRounds "7"]
[EventCountry "FRA"]
[SourceTitle "EXT 2014"]
[Source "ChessBase"]
[SourceDate "2013.11.20"]
[SourceVersion "1"]
[SourceVersionDate "2013.11.20"]
[SourceQuality "1"]

1. e4 e5 2. Nf3 Nf6 3. Bc4 h6 4. Qe2 Nc6 5. c3 d6 6. 0-0 Na5 7. Na3 d5 8. Qd3 Bxa3 9. Bxd5 Bd6 10. b4 c6 11. bxa5 cxd5 12. exd5 Qe7 13. h4 e4 14. Qe3 exf3 15. Qxf3 Bg4 16. Qd3 0-0 17. a4 Be2 18. Qb1 Bxf1 19. Bb2 Ba6 20. Qc2 Qe5 21. Qb3 Qh2# 0-1